Statistiques concernant Marques de voiture par modèle.

Cliquez ici pour prendre le quiz!

Statistiques générales

  • Ce quiz a été pris 97 fois
  • Le résultat moyen est 3 sur 15

Statistiques - réponses

Question :Réponse :% Correct
Dino 246 GTFerrari
75%
Ghibli IIMaserati
47%
MulsanneBentley
38%
BoraVolkswagen
38%
UrracoLamborghini
25%
SunnyNissan
23%
ScorpioFord
22%
LutéciaRenault
21%
E9BMW
17%
C8 LavioletteSpyker
9%
RondaSeat
8%
Phaeton 139APeugeot
7%
VigorHonda
5%
TD50DIsuzu
2%
600Saab
2%

Distribution des résultats

Percentile par nombre de réponses

% des personnes avec chaque résultat

Votre développement - résultats

Vous n’avez pas pris ce quiz